| 000 | 00848nam a2200253 a 4500 | ||
|---|---|---|---|
| 001 | BRL_1551 | ||
| 005 | 20190320211247.0 | ||
| 008 | 030314s1982----u--aob####---#000-0#eng-# | ||
| 041 | _aeng | ||
| 044 | _au | ||
| 050 | 4 |
_aN7380.5 _bS65 1982 |
|
| 245 | 1 | 0 |
_aSpirit of Africa _btraditional art from The Nokes Collection _cJames R. Ramsey and Maude S. Wahlman editors ; photographs by Lawrence Jasud. |
| 260 |
_aMemphis, Tennessee _bMemphis State University Gallery _c1982 |
||
| 300 |
_a68 p. _bil., mapas, fotografías _c21 cm. |
||
| 500 | _aAu1785 | ||
| 504 | _aBibliografía: p. 65-68 | ||
| 650 | 1 | 4 |
_aArte africano _vCatálogos _927248 |
| 651 | 4 |
_aÁfrica _xReligión _927249 |
|
| 700 | 1 |
_aRamsey, James R. _eed. _927250 |
|
| 700 | 1 |
_aWahlman, Maude S. _eed. _927251 |
|
| 700 | 1 |
_aJasud, Lawrence _eil. _927252 |
|
| 902 | _aGRL | ||
| 942 |
_2lcc _cB |
||
| 999 |
_c10360 _d10360 |
||